| 000 | 02010cam a22003015a 4500 | ||
|---|---|---|---|
| 001 | L158570 | ||
| 008 | 150429s2013 xxk f 000 0 eng d | ||
| 020 | _a9781852631345 | ||
| 035 | _a(Sirsi) u158570 | ||
| 041 | _aeng | ||
| 050 | _a331.2049 | ||
| 110 |
_aConstruction Industry Joint Council _93606 |
||
| 245 |
_aWorking rule agreement for the construction industry _bRevised 1st May 2013 _h[electronic resource] |
||
| 260 |
_aLondon _bCIJC _c2013 |
||
| 300 | _a66p. | ||
| 505 | _a1 Entitlement to Basic Rates of Pay -- 2 Bonus -- 3 Working Hours -- 4 Overtime Rates -- 5 Daily Fare and Travel Allowance -- 6 Shift Working -- 7 Night Work -- 8 Continuous Working -- 9 Tide Work -- 10 Tunnel Work -- 11 Refuelling, Service, Maintenance and Repairs -- 12 Storage of Tools -- 13 Highways Maintenance -- 14 Transfer Arrangements -- 15 Subsistence Allowance -- 16 Periodic Leave -- 17 Guaranteed Minimum Weekly Earnings -- 18 Annual Holidays -- 19 Public Holidays -- 20 Payment of Industry Sick Pay -- 21 Benefits Schemes -- 22 Grievance Procedure -- 23 Disciplinary Procedure -- 24 Termination of Employment -- 25 Trade Unions -- 26 Scaffolders -- 27 Health Safety and Welfare -- 28 Reference Periods and Definitions -- 29 Length of Night Work WR6-10, 13 -- 30 Supplementary Agreements -- 31 Duration of Agreement -- Schedule 1: Specified work establishing entitlement to a skilled rate or the craft rate -- Mechanical plant drivers and operators -- Joint Secretaries Notes. | ||
| 520 | _aCovers over 500,000 workers. It is the largest industrial agreement within the construction industry. | ||
| 650 | _aCONSTRUCTION INDUSTRY | ||
| 650 | _aRATES OF PAY | ||
| 650 | _aWAGES | ||
| 650 | _aWORKING CONDITIONS | ||
| 650 | _aWORKING RULE AGREEMENT | ||
| 651 | 4 | _aENGLAND AND WALES | |
| 690 | _aBUILT ENVIRONMENT | ||
| 856 | 4 | 0 |
_uhttps://www.ucatt.org.uk/cijc-construction-industry-joint-council-working-rule-agreement _hView this item at www.ucatt.org.uk |
| 942 | _n0 | ||
| 948 | _c20/03/1998 | ||
| 999 |
_c115389 _d115389 |
||